000 00280nac a2200097zu 4500
008 260114s1975 mx a|||br|||| 001 0 spa d
245 _aEL SOLDADITO DE PLOMO
_bY OTROS CUENTOS
260 _aMÉXICO:
_bPEPSA EDITORES
_c1975
300 _a117 páginas;
_c18.3 X 12 cm
942 _2ddc
_cBKN
999 _c68481
_d68481